000 02661cam a2200409 i 4500
999 _c210837
_d210837
001 21849482
003 OSt
005 20220509191321.0
008 201221s2020 ii 001 0 eng
010 _a 2020328831
020 _a9789389991215
025 _aI-E-2020328831
037 _bLibrary of Congress -- New Delhi Overseas Office
040 _aDLC
_beng
_erda
_cDLC
_dDLC
042 _alcode
_apcc
043 _aa-ii---
050 0 0 _aKNS3760
_b.M357 2020
082 _a347.09 MAR
100 1 _aMarkanda, P. C.,
_eauthor.
245 1 0 _aLaw relating to Arbitration and Conciliation /
_cDr. P.C. Markanda (F.I.E., LL.D.), Naresh Markanda (B.E. (Hons.), LL.B.), Rajesh Markanda (B.A. (Hons.), LL.B.).
246 3 0 _aArbitration and conciliation
250 _aTenth edition.
264 1 _aGurgaon, Haryana, India :
_bLexisNexis,
_c2020.
300 _acccxiv, 1722 pages ;
_c25 cm
336 _atext
_btxt
_2rdacontent
337 _aunmediated
_bn
_2rdamedia
338 _avolume
_bnc
_2rdacarrier
365 _b3495
505 _aOverview: The book is a section wise commentary on Arbitration and Conciliation Act, 1996 covering all aspects of Arbitration law and Includes commentary on the Arbitration and Conciliation (Amendment) Act, 2015. The historical background on the evolution of Arbitration since the pre-British era is a unique feature of this work. The book is a standard reference for Arbitrators, Judges, Advocates, Corporate Lawyers, Law firms, Indian Council of Arbitration, In-house counsels, Judicial Academies, ADR Institutions, Conciliators and Mediators, Court and Tribunal Libraries, Industry Chambers, Government Departments, and Law School Libraries. Key Features: • A comprehensive study on the aspects of law of Arbitration and Conciliation. • Up to date with all the major judicial and legislative developments that has taken place in this field of law • All-important judicial pronouncements have been incorporated. • Adopts a lucid and analytical approach. • The content has been divided under suitable headings and chapters to present the content in a crisp and comprehensive manner • The book has been extensively updated with all the latest supreme court and high court judgments. • Clear and concise statement of the law on the subject
650 0 _aArbitration and Award
_zIndia.
650 0 _aInternational Cmmercial Arbitration.
700 1 _aMarkanda, Naresh,
_eauthor.
700 1 _aMarkanda, Rajesh,
_eauthor.
906 _a7
_bcbc
_corigode
_d2
_encip
_f20
_gy-gencatlg
942 _2ddc
_cBK